00433nam a2200157Ia 4500008004100000020001500041082001300056100002500069245002200094250000800116260003800124300002300162500001900185600002100204650005000225240925s9999 xx 000 0 und d a8120321758 a004.6TAN aTanenbaum, Andrew .S 0aComputer Networks a4th aNew Delhi:bPrentice Hallc,2003. a796p.bNAfPirated aIncludes Index aComputer Science aComputer science, information & general works